Institut del Teatre-ESTAE : Escola Superior de Tècniques de les Arts de l'Espectacle Escola Superior de Tècniques de les Arts de l'Espectacle
Publicado:
Barcelona :
Diputació de Barcelona. Institut del Teatre. Escola Superior de Tècniques de les Arts de l'Espectacle ,
2014
Descripción Física:
1 f. plegat en 3 parts : il. ; 42 x 30 cm plegat a 21 x 15 cm
MARC
| LEADER | 00000nam a2200000Ia 4500 | ||
|---|---|---|---|
| 001 | 24082 | ||
| 008 | 160829s2014 xx 000 0 cat d | ||
| 080 | |a FU-64-34 | ||
| 110 | 2 | |a Institut del Teatre (Barcelona, Catalunya). |b Escola Superior de Tècniques de les Arts de l'Espectacle |9 53186 | |
| 245 | |a Institut del Teatre-ESTAE : |b Escola Superior de Tècniques de les Arts de l'Espectacle | ||
| 260 | |a Barcelona : |b Diputació de Barcelona. Institut del Teatre. Escola Superior de Tècniques de les Arts de l'Espectacle, |c 2014 | ||
| 300 | |a 1 f. plegat en 3 parts : |b il. ; |c 42 x 30 cm plegat a 21 x 15 cm | ||
| 650 | |a Institut del Teatre (Barcelona). Escola Superior de Tècniques de les Arts de l'Espectacle |x Guies de l'estudiant |9 49923 | ||
| 901 | |a Arxiu | ||
| 942 | |n 1 |2 udc | ||
| 952 | |0 0 |1 0 |4 0 |6 FU6434 |7 1 |9 55680 |a Arxiu |b Arxiu |d 2016-12-01 |l 0 |o FU-64-34 |p 24082 |r 2016-12-01 00:00:00 |w 2016-12-01 |y ARXIU | ||
| 999 | |c 59553 |d 59553 | ||